[Event "28th Saxony Seniors Open-ch 2020"]
[Site "Dresden"]
[Date "2020.10.16"]
[Round "4.6"]
[White "Waltenberger, Udo"]
[Black "Barz, Hanns-Werner"]
[Result "1/2-1/2"]
[WhiteElo "2053"]
[BlackElo "1943"]
[Annotator "TA"]
[PlyCount "105"]
[EventDate "2020.10.13"]
[EventType "swiss"]
[EventCountry "GER"]
[SourceTitle "playchess.com"]
[Source "ChessBase"]
[SourceQuality "1"]

{[%evp 9,105,6,16,13,45,32,32,29,32,0,24,-47,-46,-40,-49,-54,-42,-64,0,0,237,-124,-56,-198,-194,-195,-196,-188,-193,-212,-220,-423,-401,-468,-464,-483,-482,-481,-479,-469,-463,-436,-397,-345,-281,-287,-288,-307,-300,-315,-291,-385,-368,-534,-392,-360,-247,-245,-257,-257,-239,-283,-287,-306,-306,-305,-308,-287,-181,-175,-181,-181,-170,-146,-125,-139,-116,-102,-59,-58,-58,-56,-37,-53,0,-8,0,0,0,0,0,0,0,0,0,0,0,0]} 1. c4 Nf6 2. Nc3 g6 3. g3 Bg7 4. Bg2 d6 5. e4 e5 6. Nge2 {A16: English Opening: 1...Nf6 with ...d5.} Be6 7. d3 c6 8. O-O {White is slightly better.} Qd7 9. f4 h5 {[#]} 10. fxe5 $146 (10. f5 $11 gxf5 11. exf5 Bxf5 12. d4) ({Predecessor:} 10. b3 h4 11. d4 Bg4 12. fxe5 dxe5 13. Bg5 exd4 14. Bxf6 Bxf6 15. Rxf6 dxc3 16. Rd6 Qe7 17. Qd4 O-O 18. Nxc3 h3 19. e5 hxg2 20. Ne4 c5 21. Qxc5 Kg7 {1-0 (21) Selebran,H (2070)-Perrin,G (2289) Avoine 2019}) 10... dxe5 $15 11. Bg5 Nh7 12. Be3 Na6 13. a3 O-O-O (13... Rd8 $15) 14. Bxa7 $11 {Nd5 is the strong threat.} h4 $2 (14... Qxd3 $11 {and Black is okay.} 15. Na4 Qxd1 16. Rfxd1 (16. Raxd1 Rxd1 17. Rxd1 Rd8 $11) 16... Rxd1+ 17. Rxd1 Rd8) 15. Bf2 $2 ({Stronger than} 15. gxh4 Qxd3 16. Qa4 Nf6 $11) (15. Na4 $18 {Strongly threatening Nb6+.} Qd6 16. b4 (16. gxh4 Nf6 $16) 16... hxg3 17. b5 (17. Nxg3 b5 $16) 17... gxh2+ 18. Kh1) 15... Ng5 (15... hxg3 $17 16. Bxg3 Ng5) 16. gxh4 (16. Na4 $15 Qxd3 17. Qxd3 Rxd3 18. Rad1 Rxd1 19. Rxd1) 16... Nh3+ $19 17. Bxh3 Bxh3 18. Re1 {[#]} Qg4+ $1 19. Ng3 Qxh4 20. Nh1 $2 {[#]} (20. Qf3) 20... Qg5+ $1 21. Bg3 f5 22. exf5 gxf5 23. Nf2 f4 {[%mdl 64] Pin} 24. Nce4 Qg6 {[%mdl 64] Pin} 25. Qf3 fxg3 26. Qxg3 Qxg3+ 27. hxg3 Bf5 28. Rad1 Nc7 29. Ng5 {If White can now play Nf7 this consolidates a bit.} Bg6 30. Nfe4 Bh6 31. g4 (31. Kg2 $142) 31... Bxg5 32. Nxg5 Rxd3 33. Rxd3 Bxd3 34. Nf7 Rg8 35. Kh2 e4 36. Kg3 Ne6 37. Nd6+ Kc7 38. Nxe4 {Black should prevent Nf6.} Bxe4 39. Rxe4 {[%mdl 4096] Endgame KRN-KR} Kd6 40. b4 Ra8 41. Re3 Re8 42. Rd3+ Kc7 43. c5 b6 44. cxb6+ Kxb6 45. Re3 Kb5 46. g5 Ka4 ({Black should try} 46... Kc4 $15) 47. g6 {The position is equal.} Ng7 48. Rxe8 Nxe8 49. Kf4 Kxa3 50. Ke5 Kxb4 51. Ke6 Ng7+ 52. Kf6 Nh5+ 53. Kg5 {White happily takes the draw. Av CentiPawn Loss W=-23/B=-24. Weighted=-40/-26} 1/2-1/2

[Event "28th Saxony Seniors Open-ch 2020"]
[Site "Dresden"]
[Date "2020.10.17"]
[Round "5.1"]
[White "Kyas, Juergen"]
[Black "Schmidt, Joerg"]
[Result "1/2-1/2"]
[WhiteElo "2202"]
[BlackElo "2010"]
[Annotator "TA"]
[PlyCount "31"]
[EventDate "2020.10.13"]
[EventType "swiss"]
[EventCountry "GER"]
[SourceTitle "playchess.com"]
[Source "ChessBase"]
[SourceQuality "1"]

{[%evp 15,31,16,15,11,52,48,52,49,64,42,60,53,73,70,67,72,80,75]} 1. e4 e5 2. Bc4 Bc5 3. Nf3 Nc6 4. d3 Nf6 5. O-O O-O 6. Nbd2 {[%cal Bb1d2,Bd2f1,Bf1g3][%mdl 32]} d6 7. c3 a6 8. Bb3 b5 9. h3 {C54: Giuoco Piano: 4 c3 Nf6, main lines with 5 d4 and 5 d3.} Qe7 10. Re1 Be6 11. Nf1 {White is slightly better.} h6 12. Ng3 Bb6 13. Bc2 {[#]} Nh7 $146 ({Predecessor:} 13... Qd8 14. d4 Bd7 15. Be3 Rb8 16. dxe5 Nxe5 17. Nxe5 dxe5 18. Qf3 Qe7 19. Bb3 a5 {1-0 (60) Di Giannantonio,N (2198)-Abarca Gonzalez,N (2336) Mendoza 2014}) 14. d4 {[#] Strongly threatening d5.} Bd7 15. Be3 Rab8 16. Qe2 {White took control after the opening.} 1/2-1/2

[Event "28th Saxony Seniors Open-ch 2020"]
[Site "Dresden"]
[Date "2020.10.17"]
[Round "5.1"]
[White "Kyas, Juergen"]
[Black "Schmidt, Joerg"]
[Result "*"]
[WhiteElo "2202"]
[BlackElo "2010"]
[Annotator "TA"]
[PlyCount "31"]
[EventDate "2020.10.13"]
[EventType "swiss"]
[EventCountry "GER"]
[SourceTitle "playchess.com"]
[Source "ChessBase"]
[SourceQuality "1"]

{[%evp 9,12,12,27,17,16]} 1. e4 e5 2. Bc4 Bc5 3. Nf3 Nc6 4. d3 Nf6 5. O-O O-O 6. Nbd2 {C54: Giuoco Piano: 4 c3 Nf6, main lines with 5 d4 and 5 d3.} d6 {[#] A rather calm draw.} {Predecessor:} 7. c3 $146 a5 8. h3 h6 9. Re1 Be6 10. Bb5 Qb8 11. Nf1 Qa7 12. Be3 Bxe3 13. Nxe3 Ne7 14. a4 Ng6 15. Bc4 Bxc4 16. Nxc4 {½-½ (41) Leko,P (2663)-Ding,L (2791) chess24.com INT 2020} *

[Event "28th Saxony Seniors Open-ch 2020"]
[Site "Dresden"]
[Date "2020.10.17"]
[Round "5.2"]
[White "Pruefer, Friedbert"]
[Black "Zoephel, Heinz"]
[Result "*"]
[WhiteElo "2249"]
[BlackElo "1961"]
[Annotator "TA"]
[PlyCount "39"]
[EventDate "2020.10.13"]
[EventType "swiss"]
[EventCountry "GER"]
[SourceTitle "playchess.com"]
[Source "ChessBase"]
[SourceQuality "1"]

{[%evp 11,12,36,52]} 1. d4 Nf6 2. c4 e5 3. dxe5 Ng4 4. Bf4 Nc6 5. Nf3 Bb4+ 6. Nc3 Qe7 {[#] 6...Qe7 is better than 6...Bxc3+.} {Predecessor:} 7. Qd5 $146 {A52: Budapest Gambit.} Bxc3+ 8. bxc3 f6 9. exf6 Nxf6 10. Qd3 O-O 11. e3 d6 12. Be2 Bg4 13. O-O Rae8 14. Rae1 Ne4 15. Nd4 Nc5 16. Qb1 Bxe2 17. Nxe2 Qf7 18. Nd4 Qxc4 19. Rd1 Ne5 20. Bg3 {1-0 (77) Ponkratov,P (2628)-Sevian,S (2660) chess.com INT 2020} *

[Event "28th Saxony Seniors Open-ch 2020"]
[Site "Dresden"]
[Date "2020.10.17"]
[Round "5.3"]
[White "Kreutzkamp, Hans-Rudolf"]
[Black "Koehler, Gerhard"]
[Result "*"]
[WhiteElo "2046"]
[BlackElo "2211"]
[Annotator "TA"]
[PlyCount "47"]
[EventDate "2020.10.13"]
[EventType "swiss"]
[EventCountry "GER"]
[SourceTitle "playchess.com"]
[Source "ChessBase"]
[SourceQuality "1"]

{[%evp 13,14,28,11]} 1. e4 c5 2. Nf3 e6 3. d4 cxd4 4. Nxd4 a6 5. Be2 Nf6 6. Nc3 Qc7 7. O-O Nc6 {[#]} {Predecessor:} 8. Be3 $146 {B85: Sicilian Scheveningen: 6 Be2 a6, lines with early Be3.} Be7 9. f4 d6 10. Qe1 Bd7 11. Kh1 b5 12. a3 O-O 13. Qg3 Kh8 14. Rad1 b4 15. axb4 Nxb4 16. e5 dxe5 17. fxe5 Nfd5 18. Nxd5 Nxd5 19. Bc1 Bc5 20. Bf3 Rac8 21. Be4 f5 22. Nxe6 Bxe6 23. Bxd5 Bxd5 24. Rxd5 {½-½ (47) Kryvoruchko,Y (2669)-Anand,V (2765) Douglas 2019} *

[Event "28th Saxony Seniors Open-ch 2020"]
[Site "Dresden"]
[Date "2020.10.17"]
[Round "5.4"]
[White "Krien, Hartmut"]
[Black "Weidlich, Guenter"]
[Result "1/2-1/2"]
[WhiteElo "1818"]
[BlackElo "2172"]
[Annotator "TA"]
[PlyCount "31"]
[EventDate "2020.10.13"]
[EventType "swiss"]
[EventCountry "GER"]
[SourceTitle "playchess.com"]
[Source "ChessBase"]
[SourceQuality "1"]

{[%evp 10,31,42,46,54,12,20,-5,28,14,18,10,15,12,12,-37,-29,-29,-30,-9,15,13,58,0]} 1. e4 g6 2. d4 c6 3. Nf3 Bg7 4. Nc3 d6 5. Bc4 Nf6 6. O-O d5 {B08: Pirc Defence: Classical System.} 7. exd5 cxd5 8. Bb5+ Nc6 {The position is equal.} 9. Ne5 Bd7 10. Re1 O-O 11. Nxd7 Qxd7 {[#]} 12. b3 $146 ({Predecessor:} 12. Bxc6 bxc6 13. Bg5 e6 14. Qd2 Rfe8 15. Bh6 Bh8 16. Bf4 Rac8 17. Be5 Qe7 18. Qf4 Nh5 19. Qf3 Bxe5 20. dxe5 {1-0 (53) Dahl,C (2097)-Hassemeier,M (1952) Playchess.com INT 2020}) 12... Rfe8 13. Na4 {[%cal Bc3a4,Ba4c5,Bc5d3][%mdl 32]} Qd6 14. Nc5 b6 15. Nd3 {aiming for Bf4.} Rec8 16. Bf4 (16. Ne5 $14) 1/2-1/2

[Event "28th Saxony Seniors Open-ch 2020"]
[Site "Dresden"]
[Date "2020.10.17"]
[Round "5.4"]
[White "Krien, Hartmut"]
[Black "Weidlich, Guenter"]
[Result "*"]
[WhiteElo "1818"]
[BlackElo "2172"]
[Annotator "TA"]
[PlyCount "34"]
[EventDate "2020.10.13"]
[EventType "swiss"]
[EventCountry "GER"]
[SourceTitle "playchess.com"]
[Source "ChessBase"]
[SourceQuality "1"]

{[%evp 10,19,50,43,40,20,18,0,28,11,12,14]} 1. e4 g6 2. d4 c6 3. Nf3 Bg7 4. Nc3 d6 5. Bc4 Nf6 6. O-O d5 {B08: Pirc Defence: Classical System.} 7. exd5 cxd5 8. Bb5+ Nc6 9. Ne5 Bd7 $1 10. Re1 {[#] Black did not feel at home in the position after the opening.} {Predecessor:} O-O $146 11. f3 Rc8 12. Bf4 e6 13. Bxc6 Bxc6 14. Qd2 Qb6 15. Rab1 Nd7 16. Nxc6 bxc6 17. Be3 f5 {0-1 (42) Thierkopf,C (1392)-Bergauz,I (1665) Magdeburg 2013} *

[Event "28th Saxony Seniors Open-ch 2020"]
[Site "Dresden"]
[Date "2020.10.17"]
[Round "5.5"]
[White "Proschmann, Tino"]
[Black "Appelt, Gerd"]
[Result "*"]
[WhiteElo "2108"]
[BlackElo "1997"]
[Annotator "TA"]
[PlyCount "36"]
[EventDate "2020.10.13"]
[EventType "swiss"]
[EventCountry "GER"]
[SourceTitle "playchess.com"]
[Source "ChessBase"]
[SourceQuality "1"]

{[%evp 14,20,137,131,162,95,275,273,275]} 1. e4 e5 2. Nf3 Nc6 3. Bb5 a6 4. Bxc6 dxc6 5. O-O Bd6 6. d4 f6 7. dxe5 fxe5 {[#]} 8. Nxe5 $1 {[%mdl 512]} Nf6 {C68: Ruy Lopez: Exchange Variation, sidelines.} (8... Bxe5 9. Qh5+) 9. Nf3 ({Better is} 9. Nd3 $18) 9... Bg4 $2 {[#]} (9... Nxe4 $16 {was necessary.} 10. Qe2 Qe7) 10. e5 $1 $18 Bxf3 {[#]} {Predecessor:} 11. Qxf3 $146 Bxe5 12. Re1 Qd6 13. Bf4 Nd7 14. Bxe5 Nxe5 15. Qh5+ Kd7 16. Qxe5 Rae8 17. Qxd6+ cxd6 18. Rxe8 Rxe8 {1-0 (42) Kudriavtsev,Y (1988)-Levanovsky,V St Petersburg 2005} *

[Event "28th Saxony Seniors Open-ch 2020"]
[Site "Dresden"]
[Date "2020.10.17"]
[Round "5.5"]
[White "Proschmann, Tino"]
[Black "Appelt, Gerd"]
[Result "1-0"]
[WhiteElo "2108"]
[BlackElo "1997"]
[Annotator "TA"]
[PlyCount "39"]
[EventDate "2020.10.13"]
[EventType "swiss"]
[EventCountry "GER"]
[SourceTitle "playchess.com"]
[Source "ChessBase"]
[SourceQuality "1"]

{[%evp 14,39,113,127,160,127,288,279,287,282,278,279,426,410,415,400,416,398,414,399,627,606,660,660,660,658,789,764]} 1. e4 e5 2. Nf3 Nc6 3. Bb5 a6 4. Bxc6 dxc6 5. O-O Bd6 6. d4 f6 7. dxe5 fxe5 {[#]} 8. Nxe5 $1 {[%mdl 512]} Nf6 {C68: Ruy Lopez: Exchange Variation, sidelines.} (8... Bxe5 9. Qh5+) 9. Nf3 Bg4 $2 {[#]} (9... Nd7 $16 {is a better defense.}) 10. e5 $1 $18 Bxf3 {White has a decisive advantage.} 11. Qxf3 Bxe5 12. Re1 {[#]} Qe7 $146 (12... Nd7 {keeps fighting.} 13. Nd2 Rf8) ({Predecessor:} 12... Qd6 13. Bf4 Nd7 14. Bxe5 Nxe5 15. Qh5+ Kd7 16. Qxe5 Rae8 17. Qxd6+ cxd6 18. Rxe8 Rxe8 {1-0 (42) Kudriavtsev,Y (1988)-Levanovsky,V St Petersburg 2005}) 13. Bf4 Bxb2 {[%cal Re7e1]} 14. Rxe7+ Kxe7 15. Qe3+ Kd7 16. Be5 Bxe5 (16... Bxa1 $142 17. Qh3+ Ke7) 17. Qxe5 {White is clearly winning.} Rae8 18. Qf5+ Kd8 {[%cal Re8e1]} 19. Nc3 {And now Rd1+ would win.} Rhf8 20. Rd1+ {Black got outplayed after the opening. Av CentiPawn Loss W=-13/B=-70. Weighted=-13/-112} 1-0

[Event "28th Saxony Seniors Open-ch 2020"]
[Site "Dresden"]
[Date "2020.10.17"]
[Round "5.6"]
[White "Barz, Hanns-Werner"]
[Black "Pfitzer, Norbert"]
[Result "0-1"]
[WhiteElo "1943"]
[BlackElo "2087"]
[Annotator "TA"]
[PlyCount "50"]
[EventDate "2020.10.13"]
[EventType "swiss"]
[EventCountry "GER"]
[SourceTitle "playchess.com"]
[Source "ChessBase"]
[SourceQuality "1"]

{[%evp 9,50,38,59,38,39,31,29,32,34,21,45,31,13,23,20,8,0,0,0,0,-7,0,0,-14,-16,-15,-14,-50,-39,-41,-25,-22,-28,-20,-18,-24,-15,-20,-7,-7,-18,-118,-118]} 1. e4 d6 2. d4 Nf6 3. Nc3 g6 4. Bc4 c6 5. Bb3 b5 6. a3 {B07: Pirc Defence: Miscellaneous Systems.} Bg7 7. Nf3 O-O 8. O-O {White has an edge.} Qc7 9. h3 a6 10. Re1 e5 11. dxe5 dxe5 12. Bg5 Nbd7 {[#]} 13. Qd2 $146 ({Predecessor:} 13. Be3 h6 14. Qd2 Kh7 15. Rad1 Ne8 16. Nh2 f5 17. f3 f4 18. Bf2 h5 19. Be6 {½-½ (25) Zuev,Y-Golubev,V Moscow 1996}) 13... Nc5 14. Ba2 Be6 15. Qe3 {[#] Bxf6 is the strong threat.} Bxa2 $1 16. Qxc5 {Hoping for Bxf6.} Nd7 17. Qe3 $1 Be6 18. Rad1 f6 19. Bh6 Rfd8 20. Bxg7 Kxg7 21. Rd2 Nb6 22. b3 Rxd2 23. Nxd2 c5 24. a4 b4 25. Na2 {[#]} (25. a5 $11 bxc3 26. axb6 Qxb6 27. Qxc3) 25... Nxa4 $1 {[%mdl 576] Pin. Black took control after the opening. Av CentiPawn Loss W=-9/B=-1. Weighted=-9/0} 0-1

[Event "28th Saxony Seniors Open-ch 2020"]
[Site "Dresden"]
[Date "2020.10.17"]
[Round "5.6"]
[White "Barz, Hanns-Werner"]
[Black "Pfitzer, Norbert"]
[Result "*"]
[WhiteElo "1943"]
[BlackElo "2087"]
[Annotator "TA"]
[PlyCount "38"]
[EventDate "2020.10.13"]
[EventType "swiss"]
[EventCountry "GER"]
[SourceTitle "playchess.com"]
[Source "ChessBase"]
[SourceQuality "1"]

{[%evp 9,10,50,79]} 1. e4 d6 2. d4 Nf6 3. Nc3 g6 4. Bc4 c6 5. Bb3 b5 {[#]} {Predecessor:} 6. a3 $146 {B07: Pirc Defence: Miscellaneous Systems.} Bg7 7. f3 O-O 8. Be3 Nbd7 9. Qd2 Nb6 10. Bh6 a5 11. h4 b4 12. Nce2 c5 13. h5 Bxh6 14. Qxh6 g5 15. Nh3 e5 16. c3 c4 17. Bd1 Bxh3 18. gxh3 Kh8 19. axb4 Ng8 {0-1 (19) Jadud,O (1912)-Svetly,J (1985) Pardubice 2017} *

[Event "28th Saxony Seniors Open-ch 2020"]
[Site "Dresden"]
[Date "2020.10.18"]
[Round "6.1"]
[White "Schmidt, Joerg"]
[Black "Pruefer, Friedbert"]
[Result "1/2-1/2"]
[WhiteElo "2010"]
[BlackElo "2249"]
[Annotator "TA"]
[PlyCount "38"]
[EventDate "2020.10.13"]
[EventType "swiss"]
[EventCountry "GER"]
[SourceTitle "playchess.com"]
[Source "ChessBase"]
[SourceQuality "1"]

{[%evp 19,25,3,11,0,11,26,35,2]} 1. Nf3 Nf6 2. g3 g6 3. Bg2 Bg7 4. O-O O-O 5. d4 d5 6. c4 dxc4 7. Na3 c3 8. bxc3 c5 9. Ne5 {9.Bb2 is a critical line. Played by Shakhriyar Mamedyarov in June 2020.} Nc6 10. Nxc6 bxc6 11. Qa4 {has lost popularity (11.Nc4). D77: Fianchetto Grünfeld: 6 0-0: Replies other than 6...c6.} cxd4 12. cxd4 Bd7 13. Rb1 {[#] An uneventful encounter.} {Predecessor:} Nd5 $146 14. Bd2 Nb6 15. Qb4 Bf5 16. e4 Be6 17. Be3 Bxa2 18. Rbc1 Qd7 19. Rfd1 Be6 {½-½ (58) Lagowski,P (2321)-Bobras,P (2545) Wroclaw 2011} 1/2-1/2

[Event "28th Saxony Seniors Open-ch 2020"]
[Site "Dresden"]
[Date "2020.10.18"]
[Round "6.2"]
[White "Koehler, Gerhard"]
[Black "Proschmann, Tino"]
[Result "1/2-1/2"]
[WhiteElo "2211"]
[BlackElo "2108"]
[Annotator "TA"]
[PlyCount "45"]
[EventDate "2020.10.13"]
[EventType "swiss"]
[EventCountry "GER"]
[SourceTitle "playchess.com"]
[Source "ChessBase"]
[SourceQuality "1"]

{[%evp 9,45,-5,17,16,22,-7,-4,0,29,-42,-29,-50,-20,-78,-41,-55,-55,-51,-27,-23,-20,-62,-28,-77,-95,-76,-62,-80,-73,-81,-68,-107,-123,-238,-96,-102,-59,-77]} 1. d4 d5 2. c4 c6 3. Nf3 Nf6 4. g3 dxc4 5. Bg2 g6 6. O-O {D11: Slav Defence: 3 Nf3 sidelines and 3...Nf6 4 e3 Bg4.} Bg7 7. Ne5 Ng4 8. Nf3 {The position is equal.} Nf6 9. Na3 (9. Qc2 $11) 9... b5 $1 $15 10. Ne5 Nd5 11. Qc2 (11. Nc2 $11 {remains equal.}) 11... O-O 12. b3 $1 {[%cal Rb3c4]} cxb3 $1 13. axb3 Bb7 14. Bb2 {[#]} a5 $146 ({Predecessor:} 14... a6 15. Rfd1 Qd6 16. e4 Nb6 17. Nd3 N8d7 18. Rac1 Rac8 19. Qe2 Qb8 20. h4 e5 21. dxe5 Nxe5 22. Nc5 Rcd8 {1-0 (41) Asabri,H (2180)-Cabralis,K (2169) Khanty-Mansiysk 2010}) 15. Nd3 Na6 (15... Nb4 $5 {[%cal Rb4c2]} 16. Qc3 Nxd3 17. Qxd3 Qb6 $15) 16. Nc5 Nxc5 17. Qxc5 e6 18. Rfd1 Re8 19. e4 Nb4 20. Qc3 Qb6 21. Nc2 {[#]} (21. h4 $17) 21... Nxc2 (21... c5 $1 $19 {[%mdl 512] has better winning chances.} 22. Nxb4 (22. Qxc5 Qxc5) 22... Bxd4) 22. Qxc2 $17 b4 23. e5 {Av CentiPawn Loss W=-25/B=-21. Weighted=-27/-28} 1/2-1/2

[Event "28th Saxony Seniors Open-ch 2020"]
[Site "Dresden"]
[Date "2020.10.18"]
[Round "6.3"]
[White "Weidlich, Guenter"]
[Black "Kyas, Juergen"]
[Result "1/2-1/2"]
[WhiteElo "2172"]
[BlackElo "2202"]
[Annotator "TA"]
[PlyCount "43"]
[EventDate "2020.10.13"]
[EventType "swiss"]
[EventCountry "GER"]
[SourceTitle "playchess.com"]
[Source "ChessBase"]
[SourceQuality "1"]

{[%evp 17,43,-16,-16,-16,-16,-18,-14,-7,-9,-85,-66,-64,-69,-70,-63,-65,-65,-91,-81,-103,-86,-124,-84,-87,-76,-79,-91,-158]} 1. d4 Nf6 2. Nf3 g6 3. Bf4 Bg7 4. e3 O-O 5. h3 c5 6. c3 d6 7. Nbd2 Nc6 8. Be2 cxd4 9. exd4 e5 10. dxe5 {A48: 1 d4 Nf6 2 Nf3 g6: Torre, London and Colle Systems.} dxe5 11. Nxe5 Nd5 12. Nxc6 {The position is equal.} bxc6 13. Bh2 (13. Bg3 $11) 13... Re8 {Threatens to win with ...Ba6.} 14. O-O Bxc3 $1 15. Nc4 {[#]} Bxb2 $1 {[%mdl 576] Remove Defender} 16. Nxb2 {Black must now prevent Rc1.} Nc3 $1 {[%csl LRd1,LRe2][%mdl 64] Double Attack, Discovered Attack} 17. Qc2 Nxe2+ {Black is better.} 18. Kh1 {[#]} Bf5 $146 ({Predecessor:} 18... Nd4 19. Qc3 Qd5 20. Rfd1 Rd8 21. Rd2 Bb7 22. Na4 c5 23. f3 Rac8 24. Rc1 Qg5 {0-1 (30) Kadrash,H (1975)-Ucucu,S (1772) Hatay 2018}) 19. Qxc6 Qd4 20. Qb7 Be4 21. Qb3 Bd5 22. Qd3 {Av CentiPawn Loss W=-17/B=-7. Weighted=-19/-9} ({Better is} 22. Qa3) 1/2-1/2

[Event "28th Saxony Seniors Open-ch 2020"]
[Site "Dresden"]
[Date "2020.10.18"]
[Round "6.4"]
[White "Pfitzer, Norbert"]
[Black "Krien, Hartmut"]
[Result "1/2-1/2"]
[WhiteElo "2087"]
[BlackElo "1818"]
[Annotator "TA"]
[PlyCount "58"]
[EventDate "2020.10.13"]
[EventType "swiss"]
[EventCountry "GER"]
[SourceTitle "playchess.com"]
[Source "ChessBase"]
[SourceQuality "1"]

{[%evp 12,58,52,35,80,79,93,94,125,106,101,84,102,94,106,99,93,80,98,49,67,37,53,63,58,59,75,71,63,63,41,55,51,49,84,-47,-47,-54,-37,-70,-57,-64,0,0,0,0,0,0,0]} 1. Nf3 Nf6 2. d4 g6 3. g3 Bg7 4. Bg2 O-O 5. O-O d6 6. c4 Bg4 7. Nc3 {7.Nc3 is better than 7.h3.} c5 {E62: King's Indian: Fianchetto: 6...c6 and Panno Variation (6...Nc6) without ...a6.} 8. dxc5 dxc5 9. Ne5 Bc8 {White is better.} 10. Qxd8 Rxd8 11. Be3 Nfd7 {[#]} 12. Nxd7 $146 ({Predecessor:} 12. Nd3 Nb6 13. Nxc5 Nc6 14. Rad1 Rf8 15. Bxc6 bxc6 16. Bd4 Bh3 17. Rfe1 e5 18. Be3 Nxc4 {1-0 (61) Obgolts,E (2376)-Amgalantengis,E (1878) chess.com INT 2020}) 12... Rxd7 13. Rfd1 Bd4 14. Bxd4 cxd4 15. Nd5 Kg7 $1 16. Rd2 ({Of course not} 16. Rxd4 $6 e6 $15) 16... e6 17. Nb4 a5 18. Nd3 Nc6 19. Bxc6 bxc6 20. Ne5 Rd6 21. c5 Rd5 22. Nxc6 e5 23. Ne7 (23. Rc1 $16) 23... Rxc5 $15 {[#] Threatens to win with ...Be6.} 24. Nxc8 Raxc8 {KRR-KRR} 25. e3 Rc2 26. Rad1 d3 ({Black should play} 26... dxe3 $15 27. fxe3 Kf6) 27. Rxc2 $11 {The position is equal.} Rxc2 (27... dxc2 $5 28. Rc1 $8 Kh6 $11) 28. Rxd3 Rxb2 29. Ra3 Rb5 {Av CentiPawn Loss W=-13/B=-12. Weighted=-23/-13} 1/2-1/2

[Event "28th Saxony Seniors Open-ch 2020"]
[Site "Dresden"]
[Date "2020.10.18"]
[Round "6.5"]
[White "Zoephel, Heinz"]
[Black "Moritz, Hartmut"]
[Result "1/2-1/2"]
[WhiteElo "1961"]
[BlackElo "2066"]
[Annotator "TA"]
[PlyCount "91"]
[EventDate "2020.10.13"]
[EventType "swiss"]
[EventCountry "GER"]
[SourceTitle "playchess.com"]
[Source "ChessBase"]
[SourceQuality "1"]

{[%evp 13,91,-8,28,28,81,31,35,-9,22,-1,0,5,-9,-5,-8,-26,-32,-35,-17,-24,-12,0,0,-11,-10,-10,-15,-30,-25,-20,-14,-17,-2,-34,-9,-27,0,-1,0,0,0,-6,-6,-6,-6,-6,-6,-6,-6,-6,0,0,0,0,0,-96,-6,-6,-6,-6,-6,-14,-16,-239,-190,-497,-495,-502,0,0,0,0,0,0,0,0,0,0,0,0]} 1. e4 e6 2. d4 d5 3. Nc3 {[%cal Bb1c3,Bc3e2,Be2g3][%mdl 32]} Nf6 4. e5 Nfd7 5. f4 c5 6. Nf3 Nc6 7. Ne2 b6 {[%cal Bb7b6,Bb6b5][%mdl 32] 7...Be7 gains popularity.} 8. c3 {C05: French Tarrasch: 3...Nf6 4 e5 Nfd7, 5 f4 and 5 Bd3 sidelines.} Ba6 (8... Be7 $11 {keeps the balance.}) 9. Qa4 Qc8 10. Be3 {White is slightly better.} (10. f5 $5) 10... Bd3 {[#]} 11. Ng3 $146 ({Predecessor:} 11. Qd1 c4 12. g4 h5 13. gxh5 Bxe2 14. Bxe2 Rxh5 15. Ng5 Rh6 16. f5 Ne7 17. Nxf7 Nxf5 {1-0 (36) Sharapov,E (2427)-Chos,A (2268) Evpatoria 2008}) 11... b5 12. Qd1 Bxf1 13. Rxf1 g6 14. Qd2 b4 15. Kf2 bxc3 16. Qxc3 {[%cal Rd4c5]} cxd4 17. Nxd4 Nxd4 18. Bxd4 Qxc3 19. bxc3 Bc5 20. Rab1 Bb6 21. Rb5 O-O 22. a4 {[%cal Ba2a4,Ba4a5,Ba5a6][%mdl 32]} f6 23. Ke2 (23. exf6 {keeps more tension.} Bxd4+ 24. cxd4 Rac8 25. Re1 Rxf6 26. f5) 23... fxe5 (23... Rac8 {with more complications.} 24. a5 Bxd4 25. cxd4 Rc2+ 26. Ke3 Nb8) 24. fxe5 Rxf1 25. Nxf1 Rc8 26. Ne3 Kf7 27. a5 Bxd4 28. cxd4 {Hoping for Rb7.} Rb8 29. Rxb8 Nxb8 $11 {[%mdl 4096] Endgame KN-KN} 30. Nc2 $1 Nc6 31. a6 g5 32. Kd3 Ke7 33. Kc3 Kd7 34. g4 {[#]} (34. Ne3 $11 {remains equal.}) 34... Nb8 (34... Kc7 $1 $17 35. Ne1 Kb6) 35. Kb4 Nxa6+ 36. Kb5 Nc7+ 37. Kc5 Na8 38. Na3 $2 {[#]} (38. Kb5 $11 {and White stays safe.}) 38... Nb6 $1 $19 39. Nb5 $2 (39. Nc2 {is tougher.}) 39... Nc4 40. Nxa7 {intending Nc6.} Ne3 $2 (40... Nd2 $19 {...Nb3+ is the strong threat.} 41. Nc6 Ne4+ 42. Kb5 Nf2 43. Nb8+ Ke7 44. Nc6+ Kd7 45. Nb8+ Ke7 46. Nc6+ Kd7) 41. h3 $11 {The position is equal.} Ng2 {Threatens to win with ...Nf4.} 42. Nc6 Nf4 43. Nb8+ Kc8 44. Na6 $1 {Strongly threatening Kd6.} Kd7 45. Nb8+ Ke7 46. Nc6+ $1 {Av CentiPawn Loss W=-22/B=-21. Weighted=-23/-22} 1/2-1/2